000 00734nam a22002417a 4500
001 3767
003 FISKH
005 20240506093737.0
008 240506b cb ||||| |||| 00| 0 eng d
040 _aFISK
_beng
_cFISK
_dFISK
050 _aPZ7.M63963
082 _a813.6
100 _aMills Claudia
_d1954-
245 _aKelsey green, reading queen /
_cClaudia Mills
260 _aNew York :
_bScholastic,
_c2014
300 _a122 pages :
_c20 cm
505 _aM
520 _aKelsey is the best reader in her third grade class, and she is determined to lead her class to victory in the all-school reading contest.
521 8 _a750
_bLexiles,
700 _aClaudia Mills
942 _2lcc
_cBK
_n0
999 _c3767
_d3767